|
|
|
|
| LEADER |
01003nam a2200277 a 4500 |
| 001 |
3147 |
| 003 |
BD-DhAAL |
| 005 |
20150607101431.0 |
| 008 |
150607s1998 bg 001 0 eng |
| 010 |
|
|
|a 98907461
|
| 020 |
|
|
|a 9845123481
|
| 040 |
|
|
|a DLC
|c DLC
|d DLC
|d BD-DhAAL
|
| 050 |
0 |
0 |
|a RS180.B3
|b G48 1998
|
| 082 |
0 |
0 |
|a 615/.32/095492
|2 21
|
| 100 |
1 |
|
|a Ghani, Abdul,
|d 1941-
|9 11726
|
| 245 |
1 |
0 |
|a Medicinal plants of Bangladesh :
|b chemical constituents and uses /
|c Abdul Ghani.
|
| 260 |
|
|
|a Dhaka :
|b Asiatic Society of Bangladesh,
|c 1998.
|
| 300 |
|
|
|a v, 460 p. ;
|c 25 cm.
|
| 500 |
|
|
|a Includes index.
|
| 541 |
|
|
|e 3147
|
| 650 |
|
0 |
|a Materia medica, Vegetable
|z Bangladesh.
|9 11727
|
| 650 |
|
0 |
|a Medicinal plants
|z Bangladesh.
|9 11728
|
| 710 |
2 |
|
|a Asiatic Society of Bangladesh.
|9 7103
|
| 942 |
|
|
|2 ddc
|c BK
|
| 999 |
|
|
|c 34625
|d 34625
|
| 952 |
|
|
|0 0
|1 0
|2 ddc
|4 0
|6 615_320954920000000_GHA
|7 0
|9 54071
|a SCL
|b SCL
|c GEN
|d 2015-06-07
|e Gift
|l 2
|m 11
|o 615.32095492 GHA
|p 3020003147
|r 2025-10-26
|s 2025-10-22
|t 1
|w 2015-06-07
|y BK
|